[Event "The Sage of Baltimore"]
[Site "SchemingMind.com"]
[Date "2008.10.30"]
[Round "-"]
[White "Clive Everill"]
[Black "Duffer1965"]
[Result "1-0"]
[WhiteCountry "CZE"]
[BlackCountry "USA"]
[WhiteElo "1663"]
[WhiteRD "50"]
[BlackElo "1487"]
[BlackRD "218"]
[GameID "176935"]

1. e4 e5 2. Nf3 Nc6 3. Bb5 a6 4. Ba4 Nf6 5. Nc3 b5 6. Bb3 Be7 7. O-O O-O 8. d3 d6 9. h3 Na5 10. Bg5 Nxb3
11. cxb3 c5 12. a4 Rb8 13. axb5 axb5 14. Qc2 Be6 15. Nd2 Qc7 16. f4 Ra8 17. Nxb5 Qc6 18. Na3 h6 19. Bh4 Rfb8 20. f5 Bd7
21. Ndb1 Rb4 22. Nc3 Qb7 23. Bxf6 Bxf6 24. Nd5 Bd8 25. Nxb4 Qxb4 26. Nc4
1-0

[Event "The Sage of Baltimore"]
[Site "SchemingMind.com"]
[Date "2008.10.30"]
[Round "-"]
[White "Duffer1965"]
[Black "Clive Everill"]
[Result "1/2-1/2"]
[WhiteCountry "USA"]
[BlackCountry "CZE"]
[WhiteElo "1487"]
[WhiteRD "218"]
[BlackElo "1663"]
[BlackRD "50"]
[GameID "176942"]

1. d4 Nf6 2. c4 g6 3. Nc3 Bg7 4. e4 d6 5. Be2 O-O 6. Nf3 e5 7. O-O Nbd7 8. Qc2 Ne8 9. d5 Nb6 10. Bg5 f6
11. Be3 f5 12. Bg5 Bf6 13. Bh6 Rf7 14. b4 f4 15. a4 Bg4 16. h3 Bxf3 17. Bxf3 Bg5 18. Bxg5 Qxg5 19. Nb5 a6 20. Na3 Nd7
21. c5 dxc5 22. bxc5 Ndf6 23. Qb2 c6 24. dxc6 bxc6 25. Qb6 Nd7 26. Qb7 Rb8 27. Qxc6 Rb3 28. Bg4 Qe7 29. Bxd7 Qxd7 30. Qxd7 Rxd7
31. Nc4 Re7 32. f3 Rc3 33. Rfc1 Rb3 34. Na5 Rd3 35. Nc6 Re6 36. Nb8 Nc7 37. c6 Rb3 38. Nxa6 Nxa6 39. c7 Nxc7 40. Rxc7 Ra6
41. Rc5 Re6 42. a5 Rb7 43. a6 Ra7 44. Kf2 Kf7 45. Ke2 Kf6 46. Kd3 Raxa6 47. Rxa6 Rxa6 48. Rc7 h5= 49. Kc4 Ra2 50. Rc6+ Kg7
51. Kd5 Rxg2 52. Kxe5 Rg3=
1/2-1/2

[Event "The Sage of Baltimore"]
[Site "SchemingMind.com"]
[Date "2008.11.01"]
[Round "-"]
[White "lemmie"]
[Black "thefriediceman"]
[Result "0-1"]
[WhiteCountry "NED"]
[BlackCountry "USA"]
[WhiteElo "1721"]
[WhiteRD "48"]
[BlackElo "1830"]
[BlackRD "67"]
[GameID "177197"]

1. e4 e5 2. Nf3 Nc6 3. Bc4 Bc5 4. c3 Nf6 5. d3 a6 6. a3 d6 7. b4 Ba7 8. h3 b5 9. Bb3 h6 10. Nbd2 Bb7
11. Nf1 Ne7 12. Be3 O-O 13. Bxa7 Rxa7 14. Ne3 Qc8 15. Nh4 c5 16. Nhf5 Qc7 17. Qf3 cxb4 18. cxb4 Qc3+ 19. Ke2 Nxf5 20. Bxf7+ Rxf7
21. Nxf5 Qc7 22. Rhc1 Qd8 23. Qg3 Kh7 24. Rc3 Ba8 25. Rac1 Rac7 26. Rxc7 Rxc7 27. Kd2 Bxe4
0-1

[Event "The Sage of Baltimore"]
[Site "SchemingMind.com"]
[Date "2008.11.01"]
[Round "-"]
[White "thefriediceman"]
[Black "lemmie"]
[Result "1/2-1/2"]
[WhiteCountry "USA"]
[BlackCountry "NED"]
[WhiteElo "1830"]
[WhiteRD "67"]
[BlackElo "1721"]
[BlackRD "48"]
[GameID "177202"]

1. e4 e5 2. Nf3 Nc6 3. Bc4 Bc5 4. c3 Nf6 5. d3 d6 6. b4 Bb6 7. a4 a6 8. Bg5 h6 9. Bh4 Bg4 10. h3 Bh5
11. Nbd2 Nb8 12. O-O Nbd7 13. Qc2 c6 14. Bb3 a5 15. Rfe1 axb4 16. cxb4 O-O 17. Nh2 Qe8 18. Nc4 Bc7 19. f3 Bg6 20. Bf2 Nh5
21. Nf1 Nf4 22. Ng3 Nf6 23. Nd2 N6h5 24. Nxh5 Bxh5 25. Nb1 Kh8 26. Nc3 f5 27. Ne2 Qg6 28. Nxf4 exf4 29. Qd1 Qf6 30. Qd2 fxe4
31. dxe4 Rae8 32. a5 Bf7 33. Bxf7 Qxf7 34. Bd4 Bb8 35. Qc3=
1/2-1/2

[Event "The Sage of Baltimore"]
[Site "SchemingMind.com"]
[Date "2008.11.03"]
[Round "-"]
[White "Rekursiv"]
[Black "fishofchaos"]
[Result "1-0"]
[WhiteCountry "USA"]
[BlackCountry "ENG"]
[WhiteElo "2130"]
[WhiteRD "93"]
[BlackElo "1858"]
[BlackRD "74"]
[GameID "177347"]

1. Nf3 Nf6 2. d4 g6 3. c4 Bg7 4. g3 O-O 5. Bg2 d6 6. O-O Nc6 7. Nc3 a6 8. h3 Bd7 9. e4 e5 10. Be3 exd4
11. Nxd4 Re8 12. a3 Qc8 13. Kh2 Be6 14. Nxe6 Rxe6 15. Qc2 Qd7 16. Nd5 Rae8 17. Nxf6+ Bxf6 18. Rad1 Qc8 19. Rfe1 Re5 20. f4 R5e6
21. c5 dxc5 22. Bxc5 b6 23. Bf2 Ne7 24. e5 Bg7 25. h4 f5 26. Bf1 Rc6 27. Qb3+ Kh8 28. Bg2 Qe6 29. Qxe6 Rxe6 30. Rd7 c5
31. Bf1 a5 32. Bc4 Rc6 33. Bf7
1-0

[Event "The Sage of Baltimore"]
[Site "SchemingMind.com"]
[Date "2008.11.03"]
[Round "-"]
[White "fishofchaos"]
[Black "Rekursiv"]
[Result "0-1"]
[WhiteCountry "ENG"]
[BlackCountry "USA"]
[WhiteElo "1858"]
[WhiteRD "74"]
[BlackElo "2130"]
[BlackRD "93"]
[GameID "177359"]

1. d4 Nf6 2. c4 e6 3. Nf3 c5 4. d5 exd5 5. cxd5 d6 6. e4 g6 7. Bd3 Bg7 8. h3 O-O 9. Nc3 b5 10. Nxb5 Nxe4
11. Bxe4 Re8 12. Ng5 h6 13. Ne6 Qa5+ 14. Nc3 Bxc3+ 15. bxc3 Qxc3+ 16. Bd2 Qc4 17. Qe2 Qxe2+ 18. Kxe2 Na6 19. Bxh6 fxe6 20. Bxg6 Re7
21. Bf4 exd5+ 22. Kd2 Re6 23. Bd3 c4 24. Bc2 Nc5 25. Rhe1 d4 26. Rxe6 c3+ 27. Ke2 Ba6+ 28. Ke1 Nxe6 29. Bxd6 Rd8 30. Bh2 Nc5
31. Be5 d3 32. Bxc3 dxc2
0-1

[Event "The Sage of Baltimore"]
[Site "SchemingMind.com"]
[Date "2008.11.06"]
[Round "-"]
[White "Chess_Man01"]
[Black "mikewharvey"]
[Result "0-1"]
[WhiteCountry "GBR"]
[BlackCountry "GBR"]
[WhiteElo "1936"]
[WhiteRD "60"]
[BlackElo "1909"]
[BlackRD "81"]
[GameID "177790"]

1. e4 e6 2. d4 d5 3. Nc3 Nf6 4. e5 Nfd7 5. f4 c5 6. Nf3 Nc6 7. Be3 Qb6 8. Na4 Qa5+ 9. c3 cxd4 10. b4 Qd8
11. Nxd4 Nxd4 12. Bxd4 Be7 13. Bd3 Bh4+ 14. g3 Be7 15. Qh5 a6 16. f5 Nf8 17. f6 gxf6 18. Nb6 Rb8 19. O-O Nd7 20. exf6 Nxf6
21. Qe5 Qd6
0-1

[Event "The Sage of Baltimore"]
[Site "SchemingMind.com"]
[Date "2008.11.05"]
[Round "-"]
[White "mikewharvey"]
[Black "Chess_Man01"]
[Result "1-0"]
[WhiteCountry "GBR"]
[BlackCountry "GBR"]
[WhiteElo "1909"]
[WhiteRD "81"]
[BlackElo "1936"]
[BlackRD "60"]
[GameID "177794"]

1. c4 Nf6 2. Nc3 e5 3. Nf3 Nc6 4. g3 d5 5. cxd5 Nxd5 6. Bg2 Nb6 7. O-O Be7 8. d3 O-O 9. a3 Be6 10. Ne4 f5
11. Neg5 Bd5 12. e4 fxe4 13. dxe4 Bc4 14. Re1 Qxd1 15. Rxd1 h6 16. Re1 hxg5 17. Nxg5 Nd4 18. Rd1 Ne2+ 19. Kh1 Nxc1 20. Raxc1 Bxg5
21. Ra1
1-0

[Event "The Sage of Baltimore"]
[Site "SchemingMind.com"]
[Date "2008.11.07"]
[Round "-"]
[White "cnbcad"]
[Black "smothered mate"]
[Result "0-1"]
[WhiteCountry "USA"]
[BlackCountry "POL"]
[WhiteElo "1598"]
[WhiteRD "61"]
[BlackElo "1904"]
[BlackRD "55"]
[GameID "177921"]

1. e4 e5 2. Nf3 Nf6 3. Nxe5 d6 4. Nf3 Nxe4 5. d4 d5 6. Bd3 Bd6 7. O-O O-O 8. c4 c6 9. cxd5 cxd5 10. Nc3 Nxc3
11. bxc3 h6 12. Bc2 Nd7 13. Qd3 Nf6 14. h4 Ne4 15. c4 Bg4 16. Qe3 Bxf3 17. Bxe4 Bxe4 18. c5 Bc7 19. f3 Qxh4 20. f4 Rae8
21. Qh3 Qxh3 22. gxh3 Bd3 23. Rd1 Bf5 24. a4 Re2 25. Ba3 Rfe8 26. h4 Bxf4 27. Rf1 Bh2+
0-1

[Event "The Sage of Baltimore"]
[Site "SchemingMind.com"]
[Date "2008.11.07"]
[Round "-"]
[White "smothered mate"]
[Black "cnbcad"]
[Result "1-0"]
[WhiteCountry "POL"]
[BlackCountry "USA"]
[WhiteElo "1904"]
[WhiteRD "55"]
[BlackElo "1598"]
[BlackRD "61"]
[GameID "177928"]

1. e4 e5 2. Nf3 Nc6 3. Bb5 f5 4. d3 Nf6 5. Nc3 f4 6. Bxc6 bxc6 7. Nxe5 d6 8. Nxc6 Qd7 9. Nd4 c5 10. Nf3 Qe6
11. Bxf4 Be7 12. Ng5 Qg4 13. Qxg4 Bxg4 14. Nb5 Rc8 15. Bxd6 a6 16. Bxe7 Kxe7 17. Nc3 h6 18. Nf3 Rb8 19. b3 Nd7 20. Nd5+ Kd6
21. Nd2 Rbe8 22. Nc4+ Kc6 23. f3 Be6 24. Nf4 Bxc4 25. dxc4 Ne5 26. Nd5 Ng6 27. O-O-O
1-0

[Event "The Sage of Baltimore"]
[Site "SchemingMind.com"]
[Date "2008.11.10"]
[Round "-"]
[White "roscoe"]
[Black "Archon"]
[Result "0-1"]
[WhiteCountry "USA"]
[BlackCountry "CAN"]
[WhiteElo "1516"]
[WhiteRD "100"]
[BlackElo "1695"]
[BlackRD "59"]
[GameID "178056"]

1. Nf3 d6 2. g3 e5 3. Bg2 g6 4. d3 Bg7 5. O-O Ne7 6. Re1 Nbc6 7. c4 O-O 8. e4 a6 9. a3 Rb8 10. b4 b5
11. Qb3 Bd7 12. Nc3 Na7 13. Nd5 c6 14. Nxe7+ Qxe7 15. Bb2 a5 16. bxa5 bxc4 17. Qc3 cxd3 18. Qxd3 Rxb2 19. Nd2 Rxd2 20. Qxd2 Nb5
21. Bf1 Nd4 22. Qd3 c5 23. Qa6 Bh6 24. Bd3 Bc6 25. Rab1 Ra8 26. Qc4 Rxa5 27. Rb8+ Kg7 28. Reb1 Rxa3 29. Bc2 Bd2 30. Kg2 Rc3
31. Qa6 Rxc2 32. Qd3 Ra2 33. R8b2 Rxb2 34. Rxb2 Bb4
0-1

[Event "The Sage of Baltimore"]
[Site "SchemingMind.com"]
[Date "2008.11.08"]
[Round "-"]
[White "fjpv"]
[Black "Sixmax"]
[Result "1-0"]
[WhiteCountry "POR"]
[BlackCountry "DEN"]
[WhiteElo "2457"]
[WhiteRD "94"]
[BlackElo "2071"]
[BlackRD "62"]
[GameID "178057"]

1. e4 e5 2. Nf3 Nf6 3. Nc3 Nc6 4. Bb5 Bb4 5. O-O O-O 6. Bxc6 dxc6 7. Nxe5 Bxc3 8. dxc3 Nxe4 9. Bf4 Qf6 10. Nd3 Nd6
11. Re1 Bf5 12. Be5 Qg5 13. Re3 Bg6 14. Bf4 Qf6 15. Qf3 Rae8 16. Rae1 Rxe3 17. Qxe3 Nc4 18. Qe2 Bxd3 19. cxd3 Qxf4= 20. dxc4 b6
21. g3 Qf5 22. Kg2
1-0

[Event "The Sage of Baltimore"]
[Site "SchemingMind.com"]
[Date "2008.11.09"]
[Round "-"]
[White "David Hartley"]
[Black "Keith Kelchner"]
[Result "1-0"]
[WhiteCountry "ENG"]
[BlackCountry "USA"]
[WhiteElo "1869"]
[WhiteRD "67"]
[BlackElo "1653"]
[BlackRD "82"]
[GameID "178058"]

1. e4 e5 2. Nf3 d6 3. d4 f5 4. dxe5 fxe4 5. Ng5 h6 6. Nxe4 g6 7. exd6 Bxd6 8. Nxd6+ Qxd6 9. Qxd6 cxd6 10. Bf4 d5
11. Bd3 Ne7 12. O-O Nbc6 13. Re1 Bf5 14. Bxf5 gxf5 15. Bd6 Rd8 16. Ba3 Rd7 17. Nc3 a6 18. b3 Nd4 19. Rxe7+ Rxe7 20. Bxe7 Kxe7
21. Nxd5+ Kd6 22. c4 Rf8 23. Rd1 Kc5 24. Kf1 f4 25. f3 Nc2 26. Kf2 Nb4 27. Nxb4 Kxb4 28. g3 b5 29. Rd4 fxg3+ 30. hxg3 Rf6
31. f4 bxc4 32. Rxc4+ Ka3 33. Rc2 a5 34. Rc4 Rf5 35. Rc2 a4 36. bxa4 Kxa4 37. Re2 Ka3 38. Kg2 Rf6 39. Kh3 h5 40. Kh4 Rf5
41. Re5
1-0

[Event "The Sage of Baltimore"]
[Site "SchemingMind.com"]
[Date "2008.11.08"]
[Round "-"]
[White "Archon"]
[Black "roscoe"]
[Result "1-0"]
[WhiteCountry "CAN"]
[BlackCountry "USA"]
[WhiteElo "1695"]
[WhiteRD "59"]
[BlackElo "1516"]
[BlackRD "100"]
[GameID "178065"]

1. Nf3 Nf6 2. c4 c5 3. g3 g6 4. Bg2 Bg7 5. O-O O-O 6. Nc3 Nc6 7. d4 e6 8. d5 Na5 9. Qd3 d6 10. Bg5 a6
11. b3 Rb8 12. Ne4 e5 13. Qd2 Nxe4 14. Bxd8 Nxd2 15. Bxa5 Nxf1 16. Rxf1 b6 17. Bd2 e4 18. Ng5 Bf5 19. Bxe4 Bxe4 20. Nxe4 Rbd8
21. Bg5 Rd7 22. Nf6+ Bxf6 23. Bxf6 Re8 24. e3 b5 25. Rb1 bxc4 26. bxc4 h6 27. Rb6 Ra8 28. a4 g5 29. Kg2 Kh7 30. e4 Kg6
31. e5 dxe5 32. Bxe5+ Kf5 33. f4 gxf4 34. gxf4 Rg8+ 35. Kf3 Re7 36. Rf6#
1-0

[Event "The Sage of Baltimore"]
[Site "SchemingMind.com"]
[Date "2008.11.09"]
[Round "-"]
[White "Sixmax"]
[Black "fjpv"]
[Result "0-1"]
[WhiteCountry "DEN"]
[BlackCountry "POR"]
[WhiteElo "2071"]
[WhiteRD "62"]
[BlackElo "2457"]
[BlackRD "94"]
[GameID "178066"]

1. e4 e5 2. Nf3 Nf6 3. Nxe5 d6 4. Nf3 Nxe4 5. Nc3 Nxc3 6. dxc3 Be7 7. Be3 Nc6 8. Qd2 O-O 9. O-O-O Be6 10. Kb1 Re8
11. h4 Qd7 12. Ng5 Bf5 13. Qd5 Ne5 14. f4 c6 15. Qb3 Bxg5 16. hxg5 Ng4 17. Bd4 Re4 18. g3= c5 19. Bg1 Qe7 20. Qd5 Re1
21. Kc1 Re8
0-1

[Event "The Sage of Baltimore"]
[Site "SchemingMind.com"]
[Date "2008.11.09"]
[Round "-"]
[White "Keith Kelchner"]
[Black "David Hartley"]
[Result "0-1"]
[WhiteCountry "USA"]
[BlackCountry "ENG"]
[WhiteElo "1653"]
[WhiteRD "82"]
[BlackElo "1869"]
[BlackRD "67"]
[GameID "178067"]

1. Nf3 d5 2. d4 Nc6 3. e3 a6 4. Nc3 Nf6 5. Bd3 e6 6. Bd2 Bd6 7. a3 O-O 8. O-O Re8 9. e4 dxe4 10. Nxe4 Nxe4
11. Bxe4 Bd7 12. c4 Rb8 13. d5 exd5 14. Bxd5 Ne5 15. h3 c6 16. Be4 Nxc4 17. Bc3 Rxe4 18. Re1 Rxe1+ 19. Nxe1 Qe7 20. Qd4 Ne5
21. Rd1 Bc7 22. f4 c5 23. Qf2 Nc6 24. Nd3 b6 25. Re1 Qf8 26. f5 f6 27. g4 Re8 28. Rd1 Re7 29. Nf4 Qe8 30. Nd5 Qd8
31. Nxe7+ Qxe7 32. Re1 Qf8 33. Qd2 Qf7 34. Rf1 Bc8 35. Qe1 Bb7 36. Rf3 Ne5 37. Re3 Qd5 38. Qf2 Qh1#
0-1

[Event "The Sage of Baltimore"]
[Site "SchemingMind.com"]
[Date "2008.11.10"]
[Round "-"]
[White "sibelius"]
[Black "C. H. O'D. Schlechter"]
[Result "0-1"]
[WhiteCountry "USA"]
[BlackCountry "USA"]
[WhiteElo "2215"]
[WhiteRD "85"]
[BlackElo "2469"]
[BlackRD "74"]
[GameID "178269"]

1. e4 e6 2. d4 d5 3. Nc3 Nf6 4. Bg5 Bb4 5. e5 h6 6. Bd2 Bxc3 7. bxc3 Ne4 8. Qg4 g6 9. Nf3 c5 10. Bb5+ Bd7
11. Bd3 Nxd2 12. Nxd2 Qa5 13. Rb1 c4 14. Bxg6 Rg8 15. Bxf7+ Kxf7 16. Qf3+ Ke7 17. O-O b6 18. Qf6+ Ke8 19. Qxh6 Qxc3 20. Qh7 Rf8
21. Nf3 Nc6 22. Rfe1 Qa3 23. Red1 Qe7 24. Qh6 Kd8 25. c3 Kc7 26. Qg5 Qh7 27. Qe3 Rf5 28. Ng5 Qh4 29. Nf3 Qh5 30. Rf1 Rg8
31. Kh1 Rxg2 32. Kxg2 Qg4+ 33. Kh1 Rxf3 34. Qe1 Ne7 35. Rg1 Qf4 36. Rg2 Nf5 37. Kg1 Nh4 38. Rg3 Rd3 39. Qe2 Nf3+
0-1

[Event "The Sage of Baltimore"]
[Site "SchemingMind.com"]
[Date "2008.11.14"]
[Round "-"]
[White "jl1234"]
[Black "Robert Pallett"]
[Result "0-1"]
[WhiteCountry "POL"]
[BlackCountry "ENG"]
[WhiteElo "1701"]
[WhiteRD "70"]
[BlackElo "2293"]
[BlackRD "75"]
[GameID "178270"]

1. d4 Nf6 2. Nf3 e6 3. Bg5 Be7 4. Nc3 d5 5. e3 Nbd7 6. Bd3 c5 7. Bb5 h6 8. Bh4 a6 9. Bxd7+ Bxd7 10. O-O cxd4
11. Qxd4 O-O 12. Bg3 Rc8 13. Be5 Ne4 14. Nxe4 Rc4 15. Qd2 Rxe4 16. Bd4 f6 17. Ne1 Qc7 18. g3 Bb5 19. Nd3 e5 20. f3 exd4
21. fxe4 dxe4 22. Nf4 dxe3 23. Qd5+ Rf7 24. Rfc1 e2 25. Ne6 Qe5
0-1

[Event "The Sage of Baltimore"]
[Site "SchemingMind.com"]
[Date "2008.11.11"]
[Round "-"]
[White "Pawel Koziol"]
[Black "neoliminal"]
[Result "1-0"]
[WhiteCountry "POL"]
[BlackCountry "CRC"]
[WhiteElo "1742"]
[WhiteRD "100"]
[BlackElo "1386"]
[BlackRD "103"]
[GameID "178271"]

1. e4 e6 2. d4 d6 3. Nc3 Bd7 4. f4 Ne7 5. Nf3 f6 6. Bc4 a6 7. O-O b5 8. Bd3 c5 9. e5 cxd4 10. Nxd4 Bc6
11. Nxe6 Qb6+ 12. Kh1 Qb7 13. Qe2 Nd7 14. Nxf8 Nxf8 15. exd6 Ne6 16. dxe7 Kxe7 17. f5
1-0

[Event "The Sage of Baltimore"]
[Site "SchemingMind.com"]
[Date "2008.11.10"]
[Round "-"]
[White "C. H. O'D. Schlechter"]
[Black "sibelius"]
[Result "1-0"]
[WhiteCountry "USA"]
[BlackCountry "USA"]
[WhiteElo "2469"]
[WhiteRD "74"]
[BlackElo "2215"]
[BlackRD "85"]
[GameID "178287"]

1. d4 Nf6 2. Nf3 e6 3. e3 c5 4. Bd3 d5 5. b3 Nbd7 6. O-O b6 7. Bb2 Bb7 8. Nbd2 Bd6 9. dxc5 bxc5 10. Re1 O-O
11. e4 Bc7 12. e5 Nh5 13. g3 Rb8 14. Qe2 g6 15. Rad1 Ng7 16. Bb5 a6 17. Bxd7 Qxd7 18. Ne4 Qc6 19. Nf6+ Kh8 20. Rd3 Ne8
21. Qd2 Nxf6 22. exf6 e5 23. Rxe5 Qxf6 24. Qh6 d4 25. Rxc5 Qe7 26. Re3 Qd7 27. Ng5 f6 28. Nxh7 Qxh7 29. Qxh7+ Kxh7 30. Rxc7+ Kh6
31. Bxd4 Rfc8 32. Rxc8 Rxc8 33. Re7 Bf3 34. Rf7 Rc6 35. Bxf6 Bd5 36. Rf8 g5 37. c4 Be4 38. g4 Rd6 39. f3 Bxf3 40. Bxg5+ Kxg5
41. Rxf3 Kxg4 42. Kg2 Rc6 43. h3+ Kh5 44. Rc3 Kg5 45. c5 Kf5 46. b4 Ke4 47. a4 Kd4 48. Rc1 Ke4 49. b5
1-0

[Event "The Sage of Baltimore"]
[Site "SchemingMind.com"]
[Date "2008.11.14"]
[Round "-"]
[White "Robert Pallett"]
[Black "jl1234"]
[Result "1-0"]
[WhiteCountry "ENG"]
[BlackCountry "POL"]
[WhiteElo "2293"]
[WhiteRD "75"]
[BlackElo "1701"]
[BlackRD "70"]
[GameID "178288"]

1. e4 e5 2. f4 exf4 3. Nf3 d6 4. d4 g6 5. Bxf4 Bg7 6. Bc4 Bg4 7. O-O Nc6 8. Be3 Qe7 9. h3 Bd7 10. Ng5 Nh6
11. Bxf7+ Nxf7 12. Rxf7 Qxf7 13. Nxf7 Kxf7 14. Qf1+ Ke8 15. Qc4 b6 16. Nc3 Ne7 17. Rf1 Rf8 18. Rxf8+ Kxf8 19. Qxc7
1-0

[Event "The Sage of Baltimore"]
[Site "SchemingMind.com"]
[Date "2008.11.10"]
[Round "-"]
[White "neoliminal"]
[Black "Pawel Koziol"]
[Result "0-1"]
[WhiteCountry "CRC"]
[BlackCountry "POL"]
[WhiteElo "1386"]
[WhiteRD "103"]
[BlackElo "1742"]
[BlackRD "100"]
[GameID "178289"]

1. Nf3 g6 2. e4 Bg7 3. h4 h6 4. d4 d6 5. Bc4 Nf6 6. Bxf7+ Kxf7 7. Nc3 Re8 8. Qe2 e5 9. d5 Kg8 10. Ng5 Na6
11. h5 Nxh5 12. Rxh5 gxh5 13. Qxh5 hxg5 14. Bxg5 Qd7 15. O-O-O Qf7 16. Rh1 Qxh5
0-1

[Event "The Sage of Baltimore"]
[Site "SchemingMind.com"]
[Date "2008.11.10"]
[Round "-"]
[White "fervac"]
[Black "jtrochez1"]
[Result "1-0"]
[WhiteCountry "NCA"]
[BlackCountry "HON"]
[WhiteElo "1770"]
[WhiteRD "90"]
[BlackElo "1532"]
[BlackRD "50"]
[GameID "178527"]

1. d4 d5 2. c4 e6 3. Nc3 Bb4 4. Nf3 Bxc3+ 5. bxc3 Nf6 6. Ba3 Nbd7 7. cxd5 Nxd5 8. Qc2 h6 9. e4 Nf4 10. g3 Ng6
11. Bg2 Nb6 12. Nd2 Ne7 13. O-O O-O 14. e5 c6 15. Rae1 Re8 16. Ne4 Nf5 17. g4 Nh4 18. Bh1 Qc7 19. Bd6 Qd7 20. f4 Ng6
21. Qg2 Nd5 22. f5 Ngf4 23. Qg3 exf5 24. Nc5 Qd8 25. Rxf4 Nxf4 26. Qxf4 b6 27. Bxc6 bxc5 28. Bxa8 Qb6 29. Bxc5 Qg6 30. Bd5 fxg4
31. Rf1 Be6 32. Be4 Qg5 33. Qxg5 hxg5 34. Bc6 Rc8 35. d5 Bxd5 36. Bxd5 Rxc5 37. c4 Ra5 38. Rxf7 Kh7 39. e6 Rxa2 40. e7 Ra1+
41. Kf2 Ra2+ 42. Kg3
1-0

[Event "The Sage of Baltimore"]
[Site "SchemingMind.com"]
[Date "2008.11.15"]
[Round "-"]
[White "Fiesty 50"]
[Black "bartleby en passant"]
[Result "1-0"]
[WhiteCountry "ENG"]
[BlackCountry "IRL"]
[WhiteElo "2242"]
[WhiteRD "125"]
[BlackElo "1526"]
[BlackRD "78"]
[GameID "178528"]

1. d4 e6 2. c4 Bb4+ 3. Bd2 Bxd2+ 4. Qxd2 Nf6 5. Nc3 c6 6. e4 d6 7. Nf3 h6 8. Bd3 Nbd7 9. e5 dxe5 10. dxe5 Ng4
11. Qf4 Nxf2 12. Kxf2 O-O 13. Qe3 f6 14. Rhf1 fxe5 15. Kg1 c5 16. Rad1 Qc7 17. Nb5 Qb6 18. Nxe5 Nxe5 19. Rxf8+ Kxf8 20. Qxe5 Bd7
21. Rf1+
1-0

[Event "The Sage of Baltimore"]
[Site "SchemingMind.com"]
[Date "2008.11.10"]
[Round "-"]
[White "jtrochez1"]
[Black "fervac"]
[Result "0-1"]
[WhiteCountry "HON"]
[BlackCountry "NCA"]
[WhiteElo "1532"]
[WhiteRD "50"]
[BlackElo "1770"]
[BlackRD "90"]
[GameID "178533"]

1. e4 c5 2. Nf3 d6 3. d4 cxd4 4. Nxd4 Nf6 5. Nc3 a6 6. Bd3 e6 7. Bg5 Nbd7 8. O-O b5 9. Nb3 Bb7 10. Bf4 Be7
11. Re1 O-O 12. Qd2 Rc8 13. e5 dxe5 14. Bxe5 Nxe5 15. Rxe5 Bd6 16. Ree1 Qc7 17. h3 Rfd8 18. Rac1 Bf4 19. Qd1 b4 20. Rb1 bxc3
21. bxc3 Qc6 22. Qf3 Qxf3 23. gxf3 Bxf3 24. c4 h6 25. c5 Rc6 26. Be2 Bxe2 27. Rxe2 Rd5 28. h4 Nd7 29. c4 Rd3 30. Kg2 Nxc5
31. Na5 Rc8 32. Kf1 Rcd8 33. Nc6 Rd1+ 34. Rxd1 Rxd1+ 35. Kg2 Rc1 36. Ne5 Bxe5 37. Rxe5 Rxc4 38. a4 Nxa4 39. Ra5 Nc5 40. Kh3 Kh7
41. f4 Kg6 42. Ra1 Ra4 43. Rc1 Nd3 44. Rf1 Nxf4+ 45. Kg3 Ne2+
0-1

[Event "The Sage of Baltimore"]
[Site "SchemingMind.com"]
[Date "2008.11.15"]
[Round "-"]
[White "bartleby en passant"]
[Black "Fiesty 50"]
[Result "0-1"]
[WhiteCountry "IRL"]
[BlackCountry "ENG"]
[WhiteElo "1496"]
[WhiteRD "79"]
[BlackElo "2244"]
[BlackRD "128"]
[GameID "178534"]

1. d4 Nf6 2. c4 e6 3. a3 d5 4. c5 Be7 5. Nf3 b6 6. b4 O-O 7. Nc3 a5 8. Bg5 Ne4 9. Nxe4 dxe4 10. Bxe7 Qxe7
11. Nd2 e5 12. Nxe4 exd4 13. Qxd4 Rd8 14. Qc4 b5 15. Qc2 Bf5 16. f3 axb4 17. a4 Bxe4 18. fxe4 bxa4 19. Rxa4 Rxa4 20. Qxa4 Qh4+
21. g3 Qxe4 22. Rg1 Qe3 23. Rg2 b3
0-1

[Event "The Sage of Baltimore"]
[Site "SchemingMind.com"]
[Date "2008.12.18"]
[Round "-"]
[White "smothered mate"]
[Black "Clive Everill"]
[Result "1-0"]
[WhiteCountry "POL"]
[BlackCountry "CZE"]
[WhiteElo "1882"]
[WhiteRD "54"]
[BlackElo "1637"]
[BlackRD "49"]
[GameID "184163"]

1. e4 c6 2. d4 d5 3. exd5 cxd5 4. c4 Nf6 5. Nc3 e6 6. Nf3 Bb4 7. Bd3 Nc6 8. Be3 Ng4 9. O-O Nxe3 10. fxe3 Bxc3
11. bxc3 O-O 12. Qc2 f5 13. Rab1 b6 14. Qa4 Bd7 15. Qa3 Be8 16. cxd5 Qxd5 17. Rxb6 Bh5 18. Rb5 Qd8 19. Bc4 Re8 20. Rxf5 Bg6
21. Rc5 Nb8 22. Ng5 Nd7 23. Bxe6+ Rxe6 24. Nxe6 Qe7 25. Qb3 Nxc5 26. Nxc5+ Bf7 27. Qb7 Qxb7 28. Nxb7 Bxa2 29. e4 Rb8 30. Nd6 Rb3
31. Nc8 Rxc3 32. Ne7+
1-0

[Event "The Sage of Baltimore"]
[Site "SchemingMind.com"]
[Date "2008.12.18"]
[Round "-"]
[White "Clive Everill"]
[Black "smothered mate"]
[Result "0-1"]
[WhiteCountry "CZE"]
[BlackCountry "POL"]
[WhiteElo "1637"]
[WhiteRD "49"]
[BlackElo "1882"]
[BlackRD "54"]
[GameID "184168"]

1. e4 e5 2. Nf3 Nc6 3. d4 exd4 4. c3 d5 5. Bd3 Nf6 6. Bg5 Be7 7. exd5 Nxd5 8. Bd2 Bg4 9. Be2 d3 10. Bxd3 Ndb4
11. Bb5 Nd3+ 12. Bxd3 Qxd3 13. h3 Be6 14. Na3 Bxa3 15. bxa3 Bc4 16. Rb1 O-O-O 17. Rb2 Rhe8+ 18. Be3 Qxd1#
0-1

[Event "The Sage of Baltimore"]
[Site "SchemingMind.com"]
[Date "2009.01.13"]
[Round "-"]
[White "Rekursiv"]
[Black "MichaelDV"]
[Result "0-1"]
[WhiteCountry "USA"]
[BlackCountry "SWE"]
[WhiteElo "2079"]
[WhiteRD "94"]
[BlackElo "2421"]
[BlackRD "76"]
[GameID "187220"]

1. e4 e5 2. Nf3 Nc6 3. Nc3 Nf6 4. Bb5 Bb4 5. O-O O-O 6. d3 d6 7. Bg5 Bxc3= 8. bxc3 Qe7 9. Re1 h6 10. Bh4 a6
11. Bxc6 bxc6 12. Nd2 Rb8 13. Rb1 Be6 14. c4 Rb6 15. f3 Rfb8 16. Nb3 c5 17. Qd2 g5 18. Bf2 Nh5 19. c3 a5 20. Qc2 a4
21. Nd2 Nf4 22. Rxb6 Rxb6 23. Be3 Qe8 24. Nb1 Kg7 25. Na3 Bd7 26. d4 Qb8 27. Bxf4 Rb2 28. Rb1 Rxc2 29. Rxb8 Rxc3 30. Nb1 Rc2
31. Bd2 cxd4 32. Ba5 Rxc4 33. Rb7 Rc1+ 34. Kf2 Be6 35. Nd2 c5 36. a3 c4 37. Rc7 c3 38. Nf1 Rc2+ 39. Kg1 Ra2 40. Bb4 d5
0-1

[Event "The Sage of Baltimore"]
[Site "SchemingMind.com"]
[Date "2009.01.12"]
[Round "-"]
[White "MichaelDV"]
[Black "Rekursiv"]
[Result "1-0"]
[WhiteCountry "SWE"]
[BlackCountry "USA"]
[WhiteElo "2420"]
[WhiteRD "71"]
[BlackElo "2130"]
[BlackRD "92"]
[GameID "187229"]

1. Nf3 d5 2. d4 Nf6 3. c4 c6 4. Nc3 e6 5. e3 Nbd7 6. Qc2 Bd6 7. g4 h6 8. Bd2 Qe7 9. Rg1 dxc4 10. Bxc4 Nb6
11. Be2 c5 12. g5 hxg5 13. dxc5 Bxc5 14. Rxg5 O-O 15. Ne4 Nxe4 16. Qxe4 f5 17. Qh4 Nd5 18. O-O-O Qc7 19. Kb1 Nf6 20. Rdg1
1-0